Normal view
MARC view
- Du Pont de Nemours (E. I.) and Company
Entry Corporate Name
001 - CONTROL NUMBER
- control field: 42569
003 - CONTROL NUMBER IDENTIFIER
- control field: NUST
005 - DATE AND TIME OF LATEST TRANSACTION
- control field: 20210314132344.0
008 - FIXED-LENGTH DATA ELEMENTS
- fixed length control field: 210314|| aca||aabn | a|a d
040 ## - CATALOGING SOURCE
- Original cataloging agency: NUST
- Transcribing agency: NUST
110 ## - HEADING--CORPORATE NAME
- Corporate name or jurisdiction name as entry element: Du Pont de Nemours (E. I.) and Company
670 ## - SOURCE DATA FOUND
- Source citation: Work cat.: (NUST): Blasters' handbook., 1918-
